Biblioteca

En sus pasos : (Registro nro. 70060)

Detalles MARC
000 -LÍDER
Campo fijo de descripción fija 01348nab a2200217 i 4500
001 - NÚMERO DE CONTROL
Campo de control 768714001
003 - IDENTIFICADOR DEL NÚMERO DE CONTROL
Campo de control CO-MdFUSB
005 - FECHA Y HORA DE LA ULTIMA TRANSACCIÓN
control field 20240609105617.0
008 - ELEMENTOS DE LONGITUD FIJA -- INFORMACIÓN GENERAL
Campo fijo de descripción fija -- Información general 240604t1978 ag ||||| |||| 00| 0 spa d
040 ## - FUENTE DE CATALOGACIÓN
Idioma de catalogación spa
Agencia que realiza la transcripción CO-MdFUSB
Agencia que realiza la modificación CO-MdFUSB
041 ## - CÓDIGO DE IDIOMA
Código de idioma para texto/pista de sonido o título separado spa
100 ## - ASIENTO PRINCIPAL--NOMBRE PERSONAL
Nombre personal Stott, John R. W.,
Término relacionador autor
245 1# - TÍTULO
Título En sus pasos :
Subtitulo la compasión de Jesús
Mención de responsabilidad /John R. W. Stott
520 ## - NOTA DE RESUMEN, ETC.
Nota de sumario, etc. ¿A qué Cristo seguimos?<br/>Se nos han difundido identidades erróneas del auténtico Jesús como un luchador rebelde, una "estrella" ineficaz o simplemente un torpe payaso de circo. Nuestra percepción de Jesús puede estar distorsionada.<br/>"Sígueme", dijo. "Sí, Señor, te seguiremos", fue nuestra rápida respuesta.Inspira, pero no hace justicia; reconforta la mente sin ponerle las cosas difíciles.<br/>Inspira, pero no hace justicia; reconforta la mente sin ponerle las cosas difíciles. Algunos acogen con entusiasmo el mandato de evangelizar, pero no reconocen la necesidad de ayudar a los necesitados.
650 #7 - ASIENTO SECUNDARIO DE MATERIA - TERMINO TEMÁTICO
Término temático o nombre geográfico como elemento de entrada Cristología
9 (RLIN) 239
650 #0 - ASIENTO SECUNDARIO DE MATERIA - TERMINO TEMÁTICO
Término temático o nombre geográfico como elemento de entrada Evangelización
9 (RLIN) 362
650 #7 - ASIENTO SECUNDARIO DE MATERIA - TERMINO TEMÁTICO
Término temático o nombre geográfico como elemento de entrada Amor
Subdivisión general Aspectos religiosos
Subdivisión de forma Cristianismo
9 (RLIN) 255
773 0# - ASIENTO DE ITEM FUENTE
Biblionumber 69974
Itemnumber 82718
Lugar, editorial y fecha de publicación Buenos Aires
Otro identificador del ítem R2610
Título Certeza
Número de control del registro (CO-MdFUSB)768714001
Parte(s) relacionada(s) / Volumen., número. (mes año), páginas Número 69, (enero - marzo, 1978) páginas: 138 - 143
Enumeración y primera página página: 138
942 ## - TIPO DE MATERIAL (KOHA)
Tipo de Item KOHA Artículos de Revista
945 ## - INFORMACIÓN LOCAL DEL REGISTRO
Catalogador Catherine Arias Alvarez - Practicante SENA

No hay ítems disponibles.

Biblioteca FUSBC | Teléfono: (57+4) 349 88 10 Ext. 141| WhatsApp (+57) 3005338115 
E-mail: biblioteca@unisbc.edu.co | Calle 76 87-14 Robledo Palenque, Medellín, Colombia

Con tecnología Koha